KOHA-Header-6

Handbook of Grammar and Composition (Record no. 2208)

000 -LEADER
fixed length control field 00280nam a2200109Ia 4500
008 - FIXED-LENGTH DATA ELEMENTS--GENERAL INFORMATION
fixed length control field 190802s9999 xx 000 0 und d
100 ## - MAIN ENTRY--PERSONAL NAME
Personal name James A Chapman
245 #0 - TITLE STATEMENT
Title Handbook of Grammar and Composition
260 ## - PUBLICATION, DISTRIBUTION, ETC. (IMPRINT)
Place of publication, distribution, etc New Delhi
Name of publisher, distributor, etc A Beka Book
Date of publication, distribution, etc 2012
300 ## - PHYSICAL DESCRIPTION
Extent 262:p
942 ## - ADDED ENTRY ELEMENTS (KOHA)
Koha item type Books
Holdings
Withdrawn status Lost status Source of classification or shelving scheme Damaged status Not for loan Collection code Permanent Location Current Location Shelving location Date acquired Total Checkouts Total Renewals Full call number Barcode Date last seen Date checked out Price effective from Koha item type
          English Literature MAJU MAJU Shelf No.A14 2019-08-03 6 2 4282 8831 2022-12-16 2022-12-02 2019-08-03 English Literature

Powered by Koha